'M' Names by 3 Surnames Quiz Stats

 Plays Quiz Updated Oct 30, 2019

Score 0/20 Timer 05:00
52 Plays Today
% Correct
Marilyn
97.7%
Michelle
97.6%
Michael
97.4%
Mark
96.9%
Matthew
96.5%
Margaret
96.2%
Martin
94.9%
Marco
94.6%
Maria
94.5%
Morgan
94.5%
% Correct
Mary
94.4%
Mickey
94.2%
Mia
93.4%
Martha
92%
Maggie
91%
Miranda
90.6%
Molly
90%
Miles
89.4%
Maya
87.2%
Malcolm
86.2%

You're not logged in!

Compare scores with friends on all Sporcle quizzes.
OR
Log In

Sporcle TV

Today on Sporcle TV


Watch our educational content, quiz creation guides, and fun videos on Sporcle TV.

Show Comments

Extras

Top Quizzes Today


Score Distribution

Your Account Isn't Verified!

In order to create a playlist on Sporcle, you need to verify the email address you used during registration. Go to your Sporcle Settings to finish the process.

Report this User

Report this user for behavior that violates our Community Guidelines.

Details: